1650 1737 1442 1996 1237 1075 1953 1684 1739 1338 1640 1970 1359 1139 1111 1886 1452 1926 1643 1165 1613 1207 1167 1613 1094 1469 1784 1601 1422 1816 1342 1294 1322 1688 1141 1845 1094 1319 1943 1167 1884 1771 1074 1812 1112 1029 1328 1248 1544 1616 1790 1439 1514 1144 1691 1494 1948 1242 1636 1519 1681 1202 1873 1660 1387 1101 1737 1061 1299 1707 1518 1564 1465 1488 1860 1848 1556 1550 1501 1845 1485 1065 1487 1473 1332 1776 1381 1315 1146 1946 1810 1547 1844 1795 1306 1232 1586 1013 1424 BCNSPRNW ULIB Ver.6.0+V

เปลี่ยนเป็นภาษาไทย

Change to English
 แสดงรายละเอียดบรรณานุกรม
  กลับหน้าหลัก

Brief Record : Get Marc (ISO 2709) : E-mail record : QR code < ปิดหน้าต่าง
LEADER : 00000nam 2200000uu 4500
001    13399111819
003     ULIB
008    110708s2545||||th 000 0 tha d
020    9749066278
050  4 DS578.32.M33^bม398ม 2545
245 00 มหิตลปูชา /^cกรรณิการ์ สัจกุล, บรรณาธิการ ... [และคนอื่นๆ]
250    พิมพ์ครั้งที่ 1
260    กรุงเทพฯ :^bมูลนิธิสมเด็จพระมหิตลาธิเบศรอดุลยเดชวิกรมพระบรมราชชนก,^c2545
300    265 หน้า :^bภาพประกอบ ;^c26 ซม.
500    มูลนิธิสมเด็จพระมหิตลาธิเบศร อดุลยเดชวิกรม พระบรมราชนกจัดพิมพ์เนื่องในวันมหิดล 24 กันยายน 2545
600 07 มหิตลาธิเบศร อดุลยเดชวิกรม พระบรมราชชนก,^cสมเด็จพระ,^d2434-2472
650  4 แพทย์^zไทย^vชีวประวัติ
700 0  กรรณิการ์ สัจกุล,^eบรรณาธิการ
710 2  มูลนิธิสมเด็จพระมหิตลาธิเบศร อดุลยเดชวิกรม พระบรมราชชนก
945    ^p450^l0^i017238
995    ทศพร
999 ^a ใช้งานได้ทุกระบบ
รายการนี้ยังไม่มีแท็ก
คุณยังไม่ได้ล็อกอิน คุณสามารถมีกิจกรรมร่วมกับเว็บไซต์ได้ แต่ต้องล็อกอินก่อน ::
  ล็อกอิน

รายการสื่อสารสนเทศ

ลำดับที่ ประเภท เลขเรียก/บาร์โค้ด สถานที่ สถานะ
- ไม่พบข้อมูล -

BibComment


ยังไม่เคยถูกคอมเมนท์

คอมเมนท์ทรัพยากรรายการนี้
  คอมเมนท์: มหิตลปูชา กรรณิก..


 Copyright 2026. Bcnsprnw @Library